[Event "IX Festival A"]
[Site "Montecatini Terme ITA"]
[Date "2000.08.06"]
[Round "9"]
[White "Zelcic, Robert"]
[Black "Tischbierek, Raj"]
[Result "1-0"]
[WhiteElo "2457"]
[BlackElo "2521"]
[PlyCount "142"]
[EventDate "2000.07.29"]

1. e4 c5 2. Nf3 Nc6 3. d4 cxd4 4. Nxd4 Nf6 5. Nc3 d6 6. Be2 g6 7. O-O Bg7 8.
Nb3 O-O 9. Bg5 a6 10. a4 b6 11. Qd2 Bb7 12. Bh6 Bxh6 13. Qxh6 Na5 14. Ra3 Rc8
15. Nd2 e6 16. Rd1 Qe7 17. Qe3 Nd7 18. Raa1 Rfd8 19. Nf3 Nc6 20. Rd2 Nc5 21.
Rad1 Nb4 22. Qd4 Nc6 23. Qe3 Nb4 24. Qf4 d5 25. Ne5 f6 26. Ng4 Rf8 27. e5 Nd7
28. exf6 Nxf6 29. Qe3 b5 30. axb5 axb5 31. Nxf6+ Qxf6 32. Bg4 Rce8 33. Nxb5 Re7
34. Qb6 Nc6 35. Nc7 Nd8 36. Bf3 Qe5 37. Na6 Bxa6 38. Qxa6 Qxb2 39. c4 Qc3 40.
Rd3 Qf6 41. cxd5 exd5 42. Qa2 Kg7 43. Bxd5 Rfe8 44. Qb1 Nf7 45. Rf3 Qe5 46. h4
Nh6 47. g3 Nf5 48. Rfd3 Rd8 49. Bg2 Rxd3 50. Qxd3 Nh6 51. Qd8 Ng4 52. Bf3 Nf6
53. Kg2 Qc7 54. Qa8 Qa7 55. Qxa7 Rxa7 56. g4 h6 57. Rd4 Rc7 58. Ra4 Re7 59. Kg3
Rf7 60. Bc6 Rc7 61. Ra6 Re7 62. f3 Rc7 63. g5 hxg5 64. hxg5 Ng8 65. Be8 Ne7 66.
Rf6 Nf5+ 67. Kh3 Ne7 68. Bf7 Rc5 69. Be6 Nd5 70. Rf7+ Kh8 71. Kg3 Nc7 1-0